000 01705nam a2200241Ia 4500
008 260220t1967||||xx |||||||||||||| ||spa||
040 _aPY-SlUNAC
_bspa
_erda
041 _aspa
082 _a581
_bB637r
100 _aBold, Harold C.
_eAutor
245 0 _aEl reino vegetal /
_cpor Harold C. Bold [Autor]
264 _aCiudad de México :
_bCentro Regional de Ayuda Técnica,
_c℗1967.
300 _a1 volumen
520 _aEl libro "El reino vegetal" de Harold C. Bold es una obra fundamental que explora la diversidad y complejidad de las plantas, proporcionando una visión integral de su biología, morfología y ecología. A través de un enfoque sistemático, el autor describe las características distintivas de los diferentes grupos vegetales, desde las algas y los musgos hasta las plantas con flores, resaltando su evolución y adaptaciones al medio ambiente. Bold también aborda temas como la fotosíntesis, la reproducción y la interacción de las plantas con otros organismos, así como su importancia en los ecosistemas y en la vida humana. Con un lenguaje claro y accesible, el libro se convierte en una herramienta valiosa para estudiantes, educadores y entusiastas de la botánica. La obra no solo proporciona un conocimiento profundo del reino vegetal, sino que también fomenta una apreciación del papel crucial que las plantas desempeñan en el equilibrio de la naturaleza y su relevancia en la sostenibilidad del planeta.
653 _aBotánica
653 _aPlantas
653 _aReinos biológicos
942 _b2026/02/17
_cBK
999 _c8221
_d8221